000 00337nam a2200133Ia 4500
008 240624s9999 xx 000 0 und d
041 _aeng
082 _a658.406 PET
100 _aPETTIGREW ANDREW
245 _aMANAGING CHANGE FOR COMPETITIVE SUCCESS
260 _c1993
_aOxford
_bWiley-Blackwell
300 _a336 : p.
365 _c
_b30
999 _c20908
_d20908